000 00290nam a22001337a 4500
008 180730b xxu||||| |||| 00| 0 eng d
082 _a813.52
245 _aReview for USMLE
_cLozo, J.S
260 _c2006
300 _a1
_fCD
440 _x18006383030
760 _b7th
942 _2ddc
_cMX
999 _c46672
_d46672